Termelésütemezés, termelésirányítás IT eszközzel

Bibliográfiai részletek
Szerző: Szarvas Kornél
További közreműködők: Avornicului dr. Mihály Szilárd
Selim Bora
Dokumentumtípus: Diplomadolgozat
Kulcsszavak:Termelésütemezés
Termelésirányítás
Logisztika
Autóipari beszállítók
ERP-rendszerek
Online Access:http://dolgozattar.uni-bge.hu/19639

MARC

LEADER 00000nta a2200000 i 4500
001 dolg19639
005 20181217091432.0
008 181217suuuu hu om 000 hun d
040 |a BGE Dolgozattár Repozitórium  |b hun 
041 |a hu 
100 1 |a Szarvas Kornél 
245 1 0 |a Termelésütemezés, termelésirányítás IT eszközzel  |c Szarvas Kornél  |h [elektronikus dokumentum] 
695 |a Termelésütemezés 
695 |a Termelésirányítás 
695 |a Logisztika 
695 |a Autóipari beszállítók 
695 |a ERP-rendszerek 
700 1 |a Avornicului dr. Mihály Szilárd  |e ths 
700 1 |a Selim Bora  |e ths 
856 4 0 |u http://dolgozattar.uni-bge.hu/19639/1/Szakdolgozat_Szarvas_Kornel.pdf  |z Dokumentum-elérés 
856 4 0 |u http://dolgozattar.uni-bge.hu/19639/2/Titkositas_Szarvas_Kornel.pdf  |z Dokumentum-elérés